| 000 | 00498 a2200181 4500 | ||
|---|---|---|---|
| 003 | OSt | ||
| 005 | 20240205135429.0 | ||
| 008 | 240205b |||||||| |||| 00| 0 eng d | ||
| 020 | _a9789383756001 | ||
| 040 | _cOCLC | ||
| 082 |
_a894.8128 _bBER/B |
||
| 100 |
_aBernad, Biju _910386 |
||
| 245 |
_aBharathan / _cBiju Bernad |
||
| 250 | _a1st ed. | ||
| 260 |
_aKOZHIKODE: _bOLIVE PUBLICATION, _c2013. |
||
| 300 | _a298P. | ||
| 942 |
_2ddc _cBK _h894.8128 _iBER/B _k894.8128 _mBER/B |
||
| 999 |
_c44293 _d44293 |
||